Countries that are Small compared with their combined Neighbours - Statistics

General Stats
  • This quiz has been taken 497 times
    262 since last reset
  • The average score is 15 of 19
Answer Stats
RATIO COUNTRY % Correct
0.0001% Vatican City
98%
0.1278% Liechtenstein
96%
0.0003% Monaco
94%
0.0202% San Marino
94%
0.2515% Luxembourg
91%
0.0408% Andorra
90%
0.2998% Bhutan
82%
0.5188% Qatar
80%
0.2635% Estonia
74%
0.3707% Latvia
74%
0.3693% Lithuania
73%
0.4491% North Korea
73%
0.8585% Eswatini
72%
0.6885% Kuwait
72%
0.8393% Burundi
71%
0.7400% Rwanda
70%
0.7810% East Timor
65%
0.3873% Georgia
61%
0.4412% Azerbaijan
59%
No matching quizzes found
Score Distribution
Percent of People with Each Score
Percentile by Number Answered
Your Score History
You have not taken this quiz since the last reset